000 01039nmm a2200349 a 4500
001 ocm000576611
003 TR-IsHL
005 20201028115623.0
008 130625s2009 tu tur
007 cr cn
020 _a9789757763444
035 _a576611
_b(N$T)
050 0 4 _aHN18
_b.G84 2009
090 0 4 _aHN18
_b.G84 2009
100 1 _aGüven, H. Sami
245 1 0 _aSosyal politikanın temelleri
_h[electronic resource] /
_cH. Sami Güven
250 _a4. bs.
260 _aBursa :
_bEzgi Kitabevi,
_c2009
300 _a296 p.
650 4 _aEkonomi ve Finans
650 4 _aEconomics and Finance
650 0 _aSosyal politika
650 0 _aSocial policy
650 0 _aSosyal sorunlar
650 0 _aSocial problems
650 0 _aSosyal tarih
650 0 _aSocial history
650 0 _aEkonomi tarihi
650 0 _aEconomic history
650 7 _aPOLITICAL SCIENCE / Public Policy / Social Policy
_2bisacsh
856 4 0 _uhttp://search.ebscohost.com/login.aspx?direct=true&scope=site&db=e011xww&AN=576611
999 _c353
_d353